| 000 | 00485nam a2200193Ia 4500 | ||
|---|---|---|---|
| 003 | GCL | ||
| 008 | 140319s9999 xx 000 0 eng d | ||
| 040 |
_aGCL / _cGCL |
||
| 082 | 0 | 4 |
_a792.028 _bM C |
| 100 | 1 | _aMORRISON, MICHAEL | |
| 245 | 1 | 0 |
_aCLASSICAL ACTING / _cMORRISON, MICHAEL |
| 700 | 1 | _aMORRISON, MALCOLM | |
| 260 |
_a[S.N] : _bA AND C BLACK LIMITED ، _c1995 |
||
| 300 | _a128 P | ||
| 650 | 0 | 4 | _aARTS |
| 650 | 0 | 4 | _aACTING |
| 650 | 0 | 4 | _aCLASSICAL ACTING |
| 942 |
_2ddc _cBK |
||
| 999 |
_c15710 _d15710 |
||